[Event "Let's Play Chess!"]
[Site "http://www.queenalice.com/game.php?id=1447514"]
[Date "2016.11.2"]
[Round "-"]
[White "Tantra"]
[Black "walbert"]
[Result "1-0"]
[WhiteElo "1338"]
[BlackElo "1505"]

1. Nc3 d5 2. d4 Nf6 3. Bg5 e6 4. Nf3 Be7 5. e3 O-O 6. Be2 b6 7. O-O a5 8. Ne5
Nfd7 9. Bf4 f6 10. Nf3 c5 11. Nb5 f5 12. Nc7 1-0

[Event "AUTO-INT-3187"]
[Site "http://www.queenalice.com/game.php?id=1447603"]
[Date "2016.11.3"]
[Round "1"]
[White "Daniel1962"]
[Black "walbert"]
[Result "0-1"]
[WhiteElo "1649"]
[BlackElo "1480"]

1. c4 c5 2. Nc3 Nf6 3. e3 d5 4. Nf3 Bf5 5. Ne5 Nbd7 6. Qa4 Qc7 7. cxd5 Qxe5 8.
Qb5 O-O-O 9. Bc4 a6 10. Qa5 Ne4 11. Nxe4 Qxe4 12. Bf1 Qxd5 13. f3 e6 14. Be2 Bd3
15. e4 Qd4 16. Bxd3 Qxd3 17. b3 g6 18. Qa3 c4 19. Qb2 Bb4 20. bxc4 Qxc4 21. a3
Ba5 22. Qg7 f5 23. exf5 exf5 24. Qh6 Ne5 25. Qe3 Nd3+ 26. Kd1 Qb3+ 27. Ke2 Rhe8
28. h4 Rxe3+ 29. dxe3 Qc2+ 0-1

[Event "AUTO-INT-3187"]
[Site "http://www.queenalice.com/game.php?id=1447604"]
[Date "2016.11.3"]
[Round "1"]
[White "walbert"]
[Black "Daniel1962"]
[Result "0-1"]
[WhiteElo "1515"]
[BlackElo "1669"]

1. d4 d5 2. Nc3 Nf6 3. Bf4 a6 4. Nf3 h6 5. e3 Bf5 6. Bd3 Bg4 7. h3 Bxf3 8. Qxf3
e6 9. O-O Nc6 10. b3 Bd6 11. Rfe1 Bb4 12. Ne2 Bxe1 0-1

[Event "AUTO-INT-3187"]
[Site "http://www.queenalice.com/game.php?id=1447615"]
[Date "2016.11.3"]
[Round "1"]
[White "ismaelfln"]
[Black "walbert"]
[Result "1-0"]
[WhiteElo "1354"]
[BlackElo "1482"]

1. e4 e5 2. Nf3 Nc6 3. Bb5 d6 4. Bxc6+ bxc6 5. O-O Be6 6. d4 c5 7. dxc5 dxc5 8.
Qxd8+ Rxd8 9. Nxe5 f5 10. exf5 Bxf5 11. Re1 Ne7 12. Nc6 Rd7 13. Nxa7 Bxc2 14.
Bg5 h6 15. Bxe7 Bxe7 16. Na3 Be4 17. Rxe4 1-0

[Event "AUTO-INT-3187"]
[Site "http://www.queenalice.com/game.php?id=1447616"]
[Date "2016.11.3"]
[Round "1"]
[White "walbert"]
[Black "ismaelfln"]
[Result "1-0"]
[WhiteElo "1503"]
[BlackElo "1453"]

1. c4 e5 2. g3 e4 3. d3 exd3 4. Qxd3 Bc5 5. Qc3 Nf6 6. Bg2 O-O 7. Nf3 d6 8. O-O
Nc6 9. a3 Bg4 10. Bf4 Bxf3 11. Bxf3 Bd4 12. Qd2 Bb6 13. Nc3 Bd4 14. e3 Bxc3 15.
Qxc3 d5 16. Rad1 d4 17. exd4 a5 18. d5 Ne7 19. d6 cxd6 20. Rxd6 Nd7 21. Rfd1 Qe8
22. Rxd7 Nc6 23. Rxb7 Ra7 24. Bxc6 Rxb7 25. Bxb7 Qe2 26. Bf3 Qe6 27. Re1 Qf6 28.
Qxf6 gxf6 29. c5 Kg7 30. c6 f5 31. c7 Kg6 32. Bb7 h6 33. c8=Q Rxc8 34. Bxc8 f6
35. b4 axb4 36. axb4 h5 37. b5 h4 38. b6 hxg3 39. fxg3 Kh5 40. b7 1-0

[Event "AUTO-INT-3187"]
[Site "http://www.queenalice.com/game.php?id=1447623"]
[Date "2016.11.3"]
[Round "1"]
[White "walbert"]
[Black "saturnin"]
[Result "0-1"]
[WhiteElo "1503"]
[BlackElo "1598"]

1. e4 d6 2. Bc4 e6 3. d3 Nc6 4. Nf3 a6 5. O-O b5 6. Bb3 a5 7. a4 b4 8. Be3 Nf6
9. Nbd2 Be7 10. Nd4 Bb7 11. Nxc6 Bxc6 12. Bd4 d5 13. Qf3 O-O 14. exd5 Nxd5 15.
Qg4 g6 16. c4 bxc3 17. Bxc3 Nxc3 18. bxc3 h5 19. Qc4 Bb7 20. g3 c6 21. Rad1 Kg7
22. Nf3 Ba6 23. Qxc6 Ra7 24. Ne5 f6 25. Nc4 e5 26. Rfe1 g5 27. d4 exd4 28. Rxd4
Qc7 29. Re6 Rc8 30. Rxe7+ Qxe7 31. Qxc8 Qe1+ 32. Kg2 Bxc8 0-1

[Event "AUTO-INT-3187"]
[Site "http://www.queenalice.com/game.php?id=1447624"]
[Date "2016.11.3"]
[Round "1"]
[White "saturnin"]
[Black "walbert"]
[Result "0-1"]
[WhiteElo "1610"]
[BlackElo "1491"]

1. b4 Nf6 2. d4 d5 3. Nf3 Bf5 4. g3 c6 5. c3 Nbd7 6. Bg2 e6 7. a4 Bd6 8. Na3 O-O
9. Qb3 a5 10. bxa5 Rxa5 11. c4 Qb6 12. Qc2 Bxc2 13. Nxc2 Bb4+ 14. Nxb4 Rfa8 15.
Nd3 Rxa4 16. c5 Qb3 17. O-O Rxa1 18. h3 Ne4 19. g4 R8a2 20. Nfe1 Nd2 21. Bxd2
Rxd2 22. Bf3 b6 23. Kg2 bxc5 24. dxc5 Qa3 25. h4 Nxc5 26. Nxc5 Qxc5 27. Nd3 Qc3
28. Rxa1 Qxa1 29. h5 Rd1 30. Kg3 g5 31. hxg6 hxg6 32. Nf4 c5 33. e3 Rg1+ 34. Bg2
c4 0-1

[Event "Let's Play Chess!"]
[Site "http://www.queenalice.com/game.php?id=1447625"]
[Date "2016.11.3"]
[Round "-"]
[White "walbert"]
[Black "carlosufpe"]
[Result "0-1"]
[WhiteElo "1512"]
[BlackElo "1680"]

1. d4 d6 2. Nf3 Nf6 3. c4 c6 4. e3 e6 5. Bd3 d5 6. Qb3 dxc4 7. Bxc4 Be7 8. O-O
O-O 9. Bd2 b5 10. Bd3 a6 11. Nc3 c5 12. Be4 Nxe4 13. Nxe4 cxd4 14. Nxd4 Bb7 15.
Ng5 Bxg5 16. f4 Bf6 17. Rfd1 Bxd4 0-1

[Event "Challenge"]
[Site "http://www.queenalice.com/game.php?id=1447626"]
[Date "2016.11.3"]
[Round "-"]
[White "Vin100"]
[Black "walbert"]
[Result "0-1"]
[WhiteElo "1534"]
[BlackElo "1506"]

1. e4 e5 2. Nf3 Nc6 3. c3 Nf6 4. d3 b6 5. Nbd2 Bb7 6. d4 Bd6 7. d5 Ne7 8. b4 O-O
9. h3 g6 10. a3 c5 11. Nc4 Nxe4 12. Nxd6 Nxd6 13. c4 Nef5 14. Nxe5 Qe7 15. f4 f6
16. g4 Ng3 17. Rg1 fxe5 18. Rxg3 exf4+ 19. Qe2 Qxe2+ 20. Bxe2 fxg3 21. Bf1 Rf2
22. bxc5 Re8+ 23. Be3 Rxe3+ 24. Be2 Rexe2+ 25. Kd1 g2 0-1

[Event "Let's Play Chess!"]
[Site "http://www.queenalice.com/game.php?id=1448014"]
[Date "2016.11.5"]
[Round "-"]
[White "walbert"]
[Black "cyclone"]
[Result "0-1"]
[WhiteElo "1449"]
[BlackElo "1888"]

1. d4 d5 2. Bf4 Nf6 3. Nf3 c6 4. Bxb8 Rxb8 5. e3 e6 6. b3 Be7 7. Bd3 O-O 8. O-O
Ne4 9. Bxe4 dxe4 10. Ne5 Bf6 11. Nc4 Be7 12. Nbd2 f5 13. h3 Bf6 14. Ne5 Bd7 15.
Ndc4 Be8 16. a4 Qc7 17. f4 b5 18. axb5 cxb5 19. Na5 Qc3 20. Qe1 Qc7 0-1

[Event "Let's Play Chess!"]
[Site "http://www.queenalice.com/game.php?id=1448015"]
[Date "2016.11.5"]
[Round "-"]
[White "cyclone"]
[Black "walbert"]
[Result "1-0"]
[WhiteElo "1833"]
[BlackElo "1472"]

1. e4 e5 2. Nf3 Nc6 3. Bc4 Nf6 4. Nc3 Bc5 5. a3 O-O 6. d3 Nh5 7. Bg5 Qe8 8. O-O
d6 9. h3 Be6 10. Bb5 h6 11. Bd2 a6 12. Bxc6 Qxc6 13. Nxe5 dxe5 14. Qxh5 f6 15.
Rac1 Bf7 16. Qh4 b5 17. Kh1 Kh7 18. f4 Bd4 19. fxe5 fxe5 20. Rf3 Bg6 21. Rcf1
Qd6 22. g4 Rxf3 23. Rxf3 1-0

[Event "AUTO-INT-3190"]
[Site "http://www.queenalice.com/game.php?id=1448768"]
[Date "2016.11.8"]
[Round "1"]
[White "cyclone"]
[Black "walbert"]
[Result "1-0"]
[WhiteElo "1796"]
[BlackElo "1528"]

1. e4 e5 2. Nf3 Nc6 3. Bc4 a6 4. a3 d6 5. h3 b5 6. Ba2 Bb7 7. O-O Qf6 8. d3
O-O-O 9. Bg5 Qg6 10. Bxd8 Nxd8 11. c4 bxc4 12. Bxc4 Ne7 13. Qa4 Nec6 14. Bxa6
Bxa6 15. Qxa6+ Kd7 16. Nc3 Ne7 17. b4 f5 18. Rfc1 1-0

[Event "AUTO-INT-3190"]
[Site "http://www.queenalice.com/game.php?id=1448769"]
[Date "2016.11.8"]
[Round "1"]
[White "walbert"]
[Black "cyclone"]
[Result "0-1"]
[WhiteElo "1533"]
[BlackElo "1687"]

1. e4 e6 2. d4 d5 3. Nc3 dxe4 4. Nxe4 Nf6 5. f3 Be7 6. Bf4 Bd7 7. Qd3 Nc6 8.
O-O-O Nd5 9. Be5 f6 10. Bg3 O-O 11. b3 Ncb4 12. Qc4 b5 13. Qe2 Nxa2+ 0-1

[Event "Let's Play Chess!"]
[Site "http://www.queenalice.com/game.php?id=1448920"]
[Date "2016.11.10"]
[Round "-"]
[White "walbert"]
[Black "Dinda54"]
[Result "0-1"]
[WhiteElo "1472"]
[BlackElo "1517"]

1. c4 e5 2. e4 d6 3. Nc3 Nf6 4. g3 Bg4 5. Be2 Qd7 6. h3 Bh5 7. Bxh5 Nc6 8. d3
Nd4 9. Nf3 Nxh5 10. Be3 O-O-O 11. O-O Qxh3 12. Ng5 Qd7 13. Qxh5 g6 14. Qh3 Nf3+
15. Kg2 Qxh3+ 16. Nxh3 Nd4 0-1

[Event "AUTO-INT-3197"]
[Site "http://www.queenalice.com/game.php?id=1451742"]
[Date "2016.11.24"]
[Round "1"]
[White "walbert"]
[Black "saturnin"]
[Result "0-1"]
[WhiteElo "1483"]
[BlackElo "1612"]

1. e4 e5 2. Nf3 d6 3. Nc3 Nf6 4. Bc4 c6 5. O-O b5 6. Bd3 b4 7. Ne2 a5 8. a3 Be7
9. axb4 a4 10. c3 O-O 11. Rxa4 Bb7 0-1

[Event "AUTO-INT-3197"]
[Site "http://www.queenalice.com/game.php?id=1451743"]
[Date "2016.11.24"]
[Round "1"]
[White "saturnin"]
[Black "walbert"]
[Result "1-0"]
[WhiteElo "1600"]
[BlackElo "1495"]

1. b4 Nf6 2. d4 d5 3. a4 Bf5 4. Nf3 Nc6 5. c3 e6 6. Bg5 h6 7. Bh4 g5 8. Bg3 Ne4
9. b5 Na5 10. Na3 Nxc3 11. Qd2 1-0